[Event "Berkeley International"]
[Site "Berkeley"]
[Date "2011.01.08"]
[Round "10"]
[White "Hills, Kenneth"]
[Black "Manvelyan, Hayk"]
[Result "0-1"]
[WhiteElo "2161"]
[BlackElo "2158"]
[PlyCount "74"]
[EventDate "2011.01.02"]
[EventRounds "10"]
[EventCountry "USA"]
[SourceDate "2011.01.03"]

1. d4 Nf6 2. c4 e6 3. g3 d5 4. Bg2 c6 5. Nd2 Nbd7 6. Ngf3 Be7 7. O-O O-O 8. Qc2
b6 9. h4 Bb7 10. e4 dxe4 11. Ng5 c5 12. Ngxe4 Nxe4 13. Nxe4 f5 14. Ng5 Bxg2 15.
Kxg2 Bxg5 16. Bxg5 Qe8 17. d5 exd5 18. Rae1 Qg6 19. cxd5 Nf6 20. Re6 h6 21.
Bxf6 Rxf6 22. Rfe1 Raf8 23. R1e5 Rxe6 24. dxe6 Qf6 25. f4 Qe7 26. Qc4 g6 27.
Qe2 h5 28. Qc4 Rd8 29. Kf2 Rd4 30. Qb5 Kg7 31. Qc6 Rd2+ 32. Ke3 Qd8 33. Qb7+
Kh6 34. Rd5 Rxd5 35. e7 Rd3+ 36. Kf2 Rd2+ 37. Ke1 Rd1+ 0-1

[Event "Berkeley International"]
[Site "Berkeley"]
[Date "2011.01.08"]
[Round "10"]
[White "Holt, Conrad"]
[Black "Kiewra, Keaton F"]
[Result "1-0"]
[WhiteElo "2388"]
[BlackElo "2337"]
[PlyCount "41"]
[EventDate "2011.01.02"]
[EventRounds "10"]
[EventCountry "USA"]
[SourceDate "2011.01.03"]

1. d4 Nf6 2. c4 e5 3. dxe5 Ng4 4. Bf4 g5 5. Bd2 Nxe5 6. Nf3 Nxf3+ 7. exf3 Qe7+
8. Be2 Bg7 9. Nc3 d6 10. Qc1 Rg8 11. Nd5 Qd7 12. Bxg5 Na6 13. O-O c6 14. Nf6+
Bxf6 15. Bxf6 Qf5 16. Qe3+ Be6 17. Bh4 Rxg2+ 18. Kxg2 Qh3+ 19. Kh1 Qxh4 20. b4
Nxb4 21. Qc3 1-0

[Event "Berkeley International"]
[Site "Berkeley"]
[Date "2011.01.08"]
[Round "10"]
[White "Kavutskiy, Konstantin"]
[Black "Pruess, David"]
[Result "1/2-1/2"]
[WhiteElo "2170"]
[BlackElo "2377"]
[PlyCount "172"]
[EventDate "2011.01.02"]
[EventRounds "10"]
[EventCountry "USA"]
[SourceDate "2011.01.03"]

1. d4 Nf6 2. c4 e6 3. Nf3 c5 4. d5 exd5 5. cxd5 d6 6. Nc3 g6 7. h3 Bg7 8. e4
O-O 9. Bd3 a6 10. a4 Nbd7 11. O-O Rb8 12. Bf4 Ne8 13. Qd2 Qe7 14. Rfe1 Ne5 15.
Nxe5 Bxe5 16. Bxe5 Qxe5 17. Qe3 f6 18. f4 Qh5 19. e5 fxe5 20. fxe5 Qxe5 21.
Qxe5 dxe5 22. Rxe5 Nd6 23. Ne4 Nxe4 24. Bxe4 Bd7 25. Rc1 Rfe8 26. Rxe8+ Rxe8
27. Bf3 Rc8 28. a5 Kf7 29. Re1 Re8 30. Rd1 b6 31. axb6 Rb8 32. Rc1 Rxb6 33.
Rxc5 Rxb2 34. Rc7 Ke8 35. Ra7 Rb6 36. Kf2 Ke7 37. Ke3 Kd6 38. Kd4 Rb4+ 39. Kc3
Rb6 40. Be4 Bf5 41. Bxf5 gxf5 42. Kc4 h6 43. g3 Ke5 44. Re7+ Kd6 45. Rf7 Ke5
46. h4 h5 47. Rh7 Rg6 48. Rxh5 Rg4+ 49. Kd3 Rxg3+ 50. Ke2 Rg6 51. Kf3 Rd6 52.
Rh8 Rxd5 53. Rf8 Rd3+ 54. Kf2 Kf4 55. h5 Rd2+ 56. Kg1 Rd6 57. Rg8 Kf3 58. Rg6
Rd1+ 59. Kh2 Rd2+ 60. Kg1 a5 61. h6 Rd1+ 62. Kh2 Rd8 63. Ra6 Rh8 64. Kg1 f4 65.
Rxa5 Rxh6 66. Ra3+ Kg4 67. Kf1 Rh2 68. Rc3 Kf5 69. Rb3 Rd2 70. Rb5+ Ke4 71.
Rb4+ Ke3 72. Rb3+ Ke4 73. Rb4+ Kf5 74. Rb5+ Kg4 75. Rb3 Rd4 76. Kf2 Rd2+ 77.
Kf1 Rh2 78. Kg1 Re2 79. Kf1 Re3 80. Rxe3 fxe3 81. Ke2 Kf4 82. Ke1 Ke4 83. Ke2
Kd4 84. Ke1 Kd3 85. Kd1 e2+ 86. Ke1 Ke3 1/2-1/2

[Event "Berkeley International"]
[Site "Berkeley"]
[Date "2011.01.08"]
[Round "10"]
[White "Kraai, Jesse"]
[Black "Abrahamyan, Tatev"]
[Result "0-1"]
[WhiteElo "2516"]
[BlackElo "2327"]
[PlyCount "50"]
[EventDate "2011.01.02"]
[EventRounds "10"]
[EventCountry "USA"]
[SourceDate "2011.01.03"]

1. e4 c5 2. Nf3 d6 3. d4 cxd4 4. Nxd4 Nf6 5. Nc3 a6 6. Be2 e5 7. Nb3 Be6 8. O-O
Be7 9. f4 exf4 10. Bxf4 Nc6 11. Kh1 O-O 12. Nd4 Ne5 13. Nxe6 fxe6 14. Bxe5 dxe5
15. Bc4 Qb6 16. Bb3 Rad8 17. Qe2 Rd4 18. Rad1 Qc6 19. Rxd4 exd4 20. e5 dxc3 21.
exf6 Rxf6 22. Rxf6 Bxf6 23. Bxe6+ Kf8 24. bxc3 Qxc3 25. g3 $4 Qc6+ 0-1

[Event "Berkeley International"]
[Site "Berkeley"]
[Date "2011.01.08"]
[Round "10"]
[White "Liou, Yian"]
[Black "Gurevich, Daniel"]
[Result "1-0"]
[WhiteElo "2285"]
[BlackElo "2078"]
[PlyCount "73"]
[EventDate "2011.01.02"]
[EventRounds "10"]
[EventCountry "USA"]
[SourceDate "2011.01.03"]

1. e4 c5 2. Nf3 g6 3. d4 cxd4 4. Nxd4 Nc6 5. c4 Nf6 6. Nc3 d6 7. Nc2 Bg7 8. Be2
O-O 9. O-O Nd7 10. Bd2 Nc5 11. b4 Bxc3 12. Bxc3 Nxe4 13. Bb2 e5 14. Bf3 Nf6 15.
Bxc6 bxc6 16. c5 dxc5 17. Bxe5 Ne4 18. bxc5 Ba6 19. Re1 Nxc5 20. Nb4 Nd3 21.
Nxa6 Nxe1 22. Qxe1 Qd3 23. Nc5 Qd5 24. Qc3 f6 25. Bf4 Rad8 26. h3 Rfe8 27. Be3
Kf7 28. a4 Qe5 29. Qc4+ Qd5 30. Qc2 a5 31. Rb1 Rb8 32. Rd1 Rb2 33. Qc1 Qa2 34.
Bd4 Rbe2 35. Qf4 Re1+ 36. Kh2 f5 37. Qh4 1-0

[Event "Berkeley International"]
[Site "Berkeley"]
[Date "2011.01.08"]
[Round "10"]
[White "Milman, Lev"]
[Black "Amanov, Zhanibek"]
[Result "1-0"]
[WhiteElo "2467"]
[BlackElo "2421"]
[PlyCount "73"]
[EventDate "2011.01.02"]
[EventRounds "10"]
[EventCountry "USA"]
[SourceDate "2011.01.03"]

1. e4 c5 2. Nf3 Nc6 3. d4 cxd4 4. Nxd4 g6 5. Nc3 Bg7 6. Be3 Nf6 7. Bc4 Qa5 8.
O-O O-O 9. Bb3 d6 10. h3 Bd7 11. Re1 Rfc8 12. f4 Nxd4 13. Bxd4 e5 14. Be3 Rxc3
15. bxc3 Bc6 16. Qxd6 Re8 17. Qb4 Qxb4 18. cxb4 exf4 19. Bd4 Nd7 20. Rad1 Bxd4+
21. Rxd4 Ne5 22. Kf2 Kg7 23. a4 g5 24. a5 a6 25. Bd5 Re7 26. Bxc6 bxc6 27. Red1
h5 28. Rd8 Rc7 29. Ra8 c5 30. b5 axb5 31. a6 Nc4 32. Ra1 Rd7 33. a7 Rd2+ 34.
Kg1 f3 35. gxf3 Ne5 36. Rg8+ Kh7 37. Rf1 1-0

[Event "Berkeley International"]
[Site "Berkeley"]
[Date "2011.01.08"]
[Round "10"]
[White "Panchanathan, Magesh"]
[Black "Friedel, Joshua E"]
[Result "1-0"]
[WhiteElo "2537"]
[BlackElo "2508"]
[PlyCount "105"]
[EventDate "2011.01.02"]
[EventRounds "10"]
[EventCountry "USA"]
[SourceDate "2011.01.03"]

1. Nf3 Nf6 2. c4 e6 3. Nc3 d5 4. d4 Bb4 5. Bg5 Nbd7 6. Rc1 dxc4 7. Qa4 c5 8.
dxc5 Qa5 9. Qxa5 Bxa5 10. Nd2 Nxc5 11. Nxc4 Bxc3+ 12. bxc3 Nce4 13. Bf4 Nd5 14.
Be5 f6 15. f3 fxe5 16. fxe4 Nf6 17. Nxe5 Nxe4 18. g3 Rf8 19. Bg2 Nc5 20. Rd1
Rf5 21. Nc4 Ke7 22. g4 Rf4 23. Rd4 Rf8 24. Ne5 Rb8 25. Rc4 Kd6 26. Rf1 Rxf1+
27. Kxf1 Nd7 28. Nd3 e5 29. g5 Nb6 30. Rb4 Be6 31. a4 Nd5 32. Bxd5 Bxd5 33. Rh4
Bg8 34. Rb4 Rf8+ 35. Ke1 Rf7 36. Nf2 Rc7 37. Ne4+ Kd5 38. Ng3 b6 39. Kd2 Rc4
40. Kd3 Rxb4 41. cxb4 Bf7 42. e4+ Kc6 43. Nf5 g6 44. Ne7+ Kd6 45. Nc8+ Kc7 46.
Nxa7 Be8 47. b5 Kb7 48. Nc6 Bxc6 49. bxc6+ Kxc6 50. Kc4 Kd6 51. Kb5 Kc7 52. a5
bxa5 53. Kxa5 1-0

[Event "Berkeley International"]
[Site "Berkeley"]
[Date "2011.01.08"]
[Round "10"]
[White "Rensch, Daniel"]
[Black "Ravichandran, Siddharth"]
[Result "1-0"]
[WhiteElo "2393"]
[BlackElo "2458"]
[PlyCount "117"]
[EventDate "2011.01.02"]
[EventRounds "10"]
[EventCountry "USA"]
[SourceDate "2011.01.03"]

1. e4 c5 2. Nf3 a6 3. c3 d5 4. e5 Nc6 5. d4 Bg4 6. dxc5 Nxe5 7. Nbd2 Nf6 8. b4
g6 9. Be2 Nc6 10. h3 Bd7 11. Bb2 Bg7 12. O-O O-O 13. Qb3 b6 14. cxb6 Qxb6 15.
a3 a5 16. Rfd1 Be6 17. b5 a4 18. Qc2 Bf5 19. Qc1 Na5 20. c4 Ne4 21. Nxe4 Nb3
22. Bxg7 Nxc1 23. Raxc1 Kxg7 24. c5 Qa5 25. Nc3 e6 26. Nd4 Rfc8 27. c6 Qa7 28.
Bf3 Rab8 29. g4 Be4 30. Be2 e5 31. Nxe4 dxe4 32. Nc2 Qa5 33. Ne3 Rxb5 34. Bxb5
Qxb5 35. Rd5 Qb2 36. Rdc5 Qxa3 37. c7 Qb3 38. R1c3 Qb2 39. Rc2 Qb1+ 40. Rc1 Qb3
41. R1c3 Qb2 42. Rc2 Qb6 43. Rc6 Qa5 44. Nc4 Qb4 45. Nd6 Rxc7 46. Ne8+ Kf8 47.
Nxc7 a3 48. Kg2 Qb1 (48... e3 $1 {wins}) 49. Ne6+ Ke7 $4 (49... fxe6 $11) 50.
Ng5 a2 51. Rc7+ Kf6 52. h4 Qb3 53. R2c3 Qd5 54. R3c5 Qb3 55. Ra5 e3 56. fxe3
a1=Q 57. Rxa1 e4 58. Ra5 Qb2+ 59. Kh3 1-0

[Event "Berkeley International"]
[Site "Berkeley"]
[Date "2011.01.08"]
[Round "10"]
[White "Sandberg, Evan"]
[Black "Gupta, Ankit"]
[Result "0-1"]
[WhiteElo "2173"]
[BlackElo "2258"]
[PlyCount "50"]
[EventDate "2011.01.02"]
[EventRounds "10"]
[EventCountry "USA"]
[SourceDate "2011.01.03"]

1. e4 c6 2. d4 d5 3. exd5 cxd5 4. c4 Nf6 5. Nc3 Nc6 6. Bg5 Be6 7. Nf3 g6 8.
cxd5 Nxd5 9. Bd3 Bg7 10. O-O O-O 11. Re1 Re8 12. a3 Nxd4 13. Nxd4 Bxd4 14. Rxe6
fxe6 15. Qg4 Qb6 16. Na4 Bxf2+ 17. Kh1 Qd4 18. Qxe6+ Kg7 19. Qh3 h5 20. Qf3 Rf8
21. Qe2 Be3 22. Bc2 Bxg5 23. Rd1 Qe3 24. Qb5 Rad8 25. Nc5 Nc7 0-1

[Event "Berkeley International"]
[Site "Berkeley"]
[Date "2011.01.08"]
[Round "10"]
[White "Uesugi, Shinsaku"]
[Black "Dixon, Dakota"]
[Result "1/2-1/2"]
[WhiteElo "2331"]
[BlackElo "2063"]
[PlyCount "118"]
[EventDate "2011.01.02"]
[EventRounds "10"]
[EventCountry "USA"]
[SourceDate "2011.01.03"]

1. d4 Nf6 2. Nf3 e6 3. e3 d5 4. Be2 Be7 5. O-O O-O 6. b3 b6 7. Bb2 Bb7 8. c4 c5
9. Nc3 Nc6 10. cxd5 exd5 11. Qc2 cxd4 12. Nxd4 Nxd4 13. exd4 Ne4 14. Nxe4 dxe4
15. Bc4 Rc8 16. Qe2 Bf6 17. Rad1 Bd5 18. Rfe1 Re8 19. Rc1 Bxc4 20. bxc4 Qd7 21.
c5 Qd5 22. cxb6 axb6 23. Rxc8 Rxc8 24. Qxe4 Qxe4 25. Rxe4 h6 26. Kf1 Rc2 27.
Re2 Rc4 28. g3 Ra4 29. a3 b5 30. Rd2 Kf8 31. Ke2 Be7 32. Rd3 b4 33. axb4 Rxb4
34. Bc1 Ke8 35. Kf3 Kd7 36. Ke4 Ke6 37. g4 Bd6 38. f4 Rc4 39. Bd2 Ra4 40. h3
Ra3 41. Bc3 g6 42. d5+ Kd7 43. Be5 f5+ 44. gxf5 gxf5+ 45. Ke3 Bc5+ 46. Bd4
Rxd3+ 47. Kxd3 Be7 48. Bg7 h5 49. Kd4 Bd6 50. Bh6 Bc7 51. Bg5 Bd6 52. Ke3 Bb4
53. Bf6 Kd6 54. Kd4 Bc5+ 55. Kc4 Bf2 56. Bc3 Be3 57. Be5+ Kd7 58. Kd3 Bf2 59.
Bd4 Bg3 1/2-1/2

[Event "Berkeley International"]
[Site "Berkeley"]
[Date "2011.01.08"]
[Round "10"]
[White "Van Wely, Loek"]
[Black "Shmeliov, Denis"]
[Result "1-0"]
[WhiteElo "2676"]
[BlackElo "2357"]
[PlyCount "63"]
[EventDate "2011.01.02"]
[EventRounds "10"]
[EventCountry "USA"]
[SourceDate "2011.01.03"]

1. d4 Nf6 2. c4 e6 3. Nf3 b6 4. g3 Bb7 5. Bg2 Be7 6. O-O O-O 7. Re1 Qc8 8. Nc3
Bb4 9. Qc2 c5 10. d5 Bxc3 11. bxc3 d6 12. dxe6 fxe6 13. Bf4 e5 14. Bg5 Ne4 15.
Be3 Nd7 16. Bh3 Qe8 17. Nh4 Qf7 18. f3 Nef6 19. Nf5 Qh5 20. Bg2 Ne8 21. g4 Qf7
22. Qa4 e4 23. Bf4 Ne5 24. Bxe5 dxe5 25. Rad1 Nf6 26. g5 Nh5 27. fxe4 Bc8 28.
Qc6 Bb7 29. Qa4 Bc8 30. e3 Be6 31. Qc6 Kh8 32. Bf1 1-0

[Event "Berkeley International"]
[Site "Berkeley"]
[Date "2011.01.08"]
[Round "10"]
[White "Yankovsky, Roman"]
[Black "Zilberstein, Dmitry"]
[Result "1/2-1/2"]
[WhiteElo "2359"]
[BlackElo "2386"]
[PlyCount "91"]
[EventDate "2011.01.02"]
[EventRounds "10"]
[EventCountry "USA"]
[SourceDate "2011.01.03"]

1. e4 e5 2. Bc4 Nc6 3. Nf3 Bc5 4. O-O Nf6 5. d3 O-O 6. c3 d5 7. exd5 Nxd5 8.
Re1 Bg4 9. h3 Bh5 10. Nbd2 Bb6 11. Ne4 f6 12. a4 a6 13. Bd2 Bf7 14. b4 Nce7 15.
Qb3 Qd7 16. b5 axb5 17. axb5 Rad8 18. Bc1 Ng6 19. Ba3 Rfe8 20. d4 exd4 21. cxd4
Ngf4 22. Nc5 Bxc5 23. dxc5 Qf5 24. Nd4 Qg5 25. Qg3 Rxe1+ 26. Rxe1 Nxg2 27. Ne6
Qxg3 28. fxg3 Re8 29. Kxg2 Rxe6 30. Kf2 Rxe1 31. Kxe1 Ne3 32. Bd3 Bc4 33. Be4
Bxb5 34. Bc1 Nc4 35. Bxb7 c6 36. Kf2 Kf7 37. Bc8 Ne5 38. Ke3 Ke7 39. Kd4 h5 40.
Bf4 Nf7 41. h4 Be2 42. Bf5 g5 43. hxg5 fxg5 44. Bc7 Kf6 45. Bd7 Bf3 46. Be8
1/2-1/2